Tito's private life / (Record no. 163961)
[ view plain ]
| 000 -LEADER | |
|---|---|
| fixed length control field | 01330cam4a220028900 4500 |
| 001 - CONTROL NUMBER | |
| control field | lce01816875 |
| 005 - DATE AND TIME OF LATEST TRANSACTION | |
| control field | 20190826101700.0 |
| 008 - FIXED-LENGTH DATA ELEMENTS--GENERAL INFORMATION | |
| fixed length control field | 840725s1977 yu a 000 0beng c |
| 010 ## - LIBRARY OF CONGRESS CONTROL NUMBER | |
| LC control number | 84673083 //r903 |
| 035 ## - SYSTEM CONTROL NUMBER | |
| System control number | (Sirsi) r104119 |
| 035 ## - SYSTEM CONTROL NUMBER | |
| System control number | (DLC) 84673083 //r903 |
| 035 ## - SYSTEM CONTROL NUMBER | |
| System control number | (UPRA)lce01816875 |
| 040 ## - CATALOGING SOURCE | |
| Original cataloging agency | MH |
| Transcribing agency | MH |
| Modifying agency | DLC |
| 043 ## - GEOGRAPHIC AREA CODE | |
| Geographic area code | e-yu--- |
| 050 14 - LIBRARY OF CONGRESS CALL NUMBER | |
| Classification number | DR359.T5 |
| Item number | E8713x 1977 |
| 100 1# - MAIN ENTRY--PERSONAL NAME | |
| Personal name | Eterovic, Ivo. |
| Linkage | A61303.1 |
| 240 10 - UNIFORM TITLE | |
| Uniform title | Njihovi dani. English |
| Language of a work | Njihovi dani. English |
| 245 10 - TITLE STATEMENT | |
| Title | Tito's private life / |
| Statement of responsibility, etc. | photographs and text, Ivo Eterovic. |
| 260 ## - PUBLICATION, DISTRIBUTION, ETC. | |
| Place of publication, distribution, etc. | Belgrade : |
| Name of publisher, distributor, etc. | Jugoslovenska Revija, |
| Date of publication, distribution, etc. | 1977. |
| 500 ## - GENERAL NOTE | |
| General note | Issued also in Macedonian, Serbo-Croatian, and Slovenian. |
| 600 10 - SUBJECT ADDED ENTRY--PERSONAL NAME | |
| Personal name | Tito, Josip Broz, 1892-1980 -- Portraits. |
| Dates associated with a name | Tito, Josip Broz, 1892-1980 -- Portraits. |
| General subdivision | Tito, Josip Broz, 1892-1980 -- Portraits. |
| Linkage | S47566.1 |
| 600 10 - SUBJECT ADDED ENTRY--PERSONAL NAME | |
| Personal name | Broz, Jovanka -- Portraits. |
| General subdivision | Broz, Jovanka -- Portraits. |
| Linkage | S47567.1 |
| 650 #0 - SUBJECT ADDED ENTRY--TOPICAL TERM | |
| Topical term or geographic name entry element | Wives -- Yugoslavia -- Pictorial works. |
| Geographic subdivision | Wives -- Yugoslavia -- Pictorial works. |
| General subdivision | Wives -- Yugoslavia -- Pictorial works. |
| Linkage | S47568.1 |
| 650 #0 - SUBJECT ADDED ENTRY--TOPICAL TERM | |
| Topical term or geographic name entry element | Presidents -- Yugoslavia -- Pictorial works. |
| Geographic subdivision | Presidents -- Yugoslavia -- Pictorial works. |
| General subdivision | Presidents -- Yugoslavia -- Pictorial works. |
| Linkage | S47569.1 |
| 949 ## - LOCAL PROCESSING INFORMATION (OCLC) | |
| a | DR359.T5 |
| w | lcc |
| i | -148073 |
| m | MAIN |
| t | BOOK |
| l | ON-SHELF |
No items available.